| 000 | 00541nam a2200157Ia 4500 | ||
|---|---|---|---|
| 008 | 210327s9999||||xx |||||||||||||| ||und|| | ||
| 040 | _cSTCPL | ||
| 041 | _hMAL | ||
| 082 |
_a894.812 2 _bMOR-D |
||
| 100 | _aMoraes Neerodi | ||
| 245 | 0 |
_aDeepanalam _hദീപനാളം |
|
| 260 |
_aThrissur _bCurrent Books _c1973 |
||
| 300 | _a106 | ||
| 650 | _aGeneralORIGINS OF CHRISTIANITY IN INDIA, MEDIEVAL CHRISTIANITY IN INDIA, THE LATIN CHURCHM THE CATHOLIC CHURCH UNDER THE PROTUGUESE PATRONAGE, EASTERN ORTHDOX CHURCH IN INDIA. | ||
| 942 | _cBK | ||
| 999 |
_c26279 _d26279 |
||